| 000 | 00957nam0a22002531 4500 | ||
|---|---|---|---|
| 001 | rc\2952906 | ||
| 005 | 20110831121824.5 | ||
| 035 | _a(NLR Aleph) 007100367 | ||
| 090 |
_a6664431 _c6664431 |
||
| 100 | _a20110831d1938 |||y0rusy50 ca | ||
| 101 | 1 |
_arus _cukr |
|
| 102 | _aRU | ||
| 105 | _ay z ||||| | ||
| 200 | 1 |
_aУстим Кармалюк _eНар. драма в 5 д. и 6 карт. _fСуходольский В.А. _gАвториз. пер. с укр. А.А. Грина _gПер. песен В. Аврущенко |
|
| 210 |
_aМосква _aЛенинград _cИскусство _d1938 _gтип. "Кр. печатник" |
||
| 215 |
_a100 с. _d18 см |
||
| 700 | 1 |
_aСуходольский _bВ. А. _f1889-1962 _gВладимир Алексеевич |
|
| 702 | 1 |
_aГрин _bА. А. _4730 |
|
| 702 | 1 |
_aАврущенко _bВ. _4730 |
|
| 801 | 0 |
_aRU _bNLR _gpsbo |
|
| 801 | 1 |
_aRU _bELAR _2rusmarc |
|
| 852 |
_aNLR _j38-2/409 |
||
| 942 | _cBOOK | ||
| 980 | _aNB | ||